000 00431nam a22001697a 4500
005 20180326121821.0
008 160611b xxu||||| |||| 00| 0 eng d
020 _a81-8318-234-8
041 _aeng
082 _b6966
_a338.88
100 _aRao, P. Subba.
_91716
245 _aInternational Business Text & Cases
260 _aMumbai
_bHimalaya Publishing House
_c2001
300 _a561
650 _aManagement
_9241
942 _cBK
999 _c2423
_d2422